Two new species of Ananteris (Scorpiones, Buthidae) from El Tuparro Natural National Park, eastern Colombia (Registro nro. 13593)

Detalles MARC
000 -CABECERA
Campo de control 005360000a22001570004500
090 ## - CLASIFICACIÓN LOCAL
Colección AR
Consecutivo 04494
041 0# - IDIOMA
Código de idioma para texto/pista de sonido o título separado
100 1# - ASIENTO PRINCIPAL--NOMBRE PERSONAL
Nombre personal Botero Trujillo, Ricardo
245 10 - MENCION DE TITULO
Título Two new species of Ananteris (Scorpiones, Buthidae) from El Tuparro Natural National Park, eastern Colombia
651 #4 - ASIENTO SECUNDARIO DE MATERIA - NOMBRE GEOGRAFICO
-- Vichada
-- Parque Nacional Natural El Tuparro
773 1# - Item fuente:
Título Comptes Rendus Biologies
Paginas del Articulo 83-94
Lugar, editorial y fecha de publicación 2009
Información sobre la relación 332
942 ## - ELEMENTOS ADICIONALES (KOHA)
Tipo de ítem Artículo
Existencias
Withdrawn status Lost status Damaged status No para préstamo Colección Ubicación Permanente Ubicación actual Fecha de adquisición Datos de publicación Seriada Total Checkouts Número topográfico Inventario / Código de Barras Date last seen Price effective from Tipo de material
      No para Préstamo Hemeroteca Bogotá Bogotá 16/03/2009 Fuera de circulación   AR 04494 026696 25/03/2015 25/03/2015 Artículo